Prueba de Kiribati - Estadísticas

Estadísticas generales
  • Esta prueba ha sido intentada 669 veces
  • La puntuación promedio es 8 de 14
Estadísticas de respuestas
Pista Respuesta % Correcto
Idiomas oficiales Inglés
97%
País del que Kiribati obtuvo su independencia en 1979 Reino Unido
94%
Cada año, Kiribati es el primer país que celebra esta fiesta. Año Nuevo
84%
País que ocupó partes de Kiribati de 1941 a 1943 Japón
80%
País que se separó de Kiribati para ser su propia nación en 1976 Tuvalu
67%
Sin contar los territorios externos, Kiribati es el único país del mundo que tiene territorio en todos los cuatro _______ Hemisferios
63%
Número de especies de mamíferos que podían encontrarse en las islas antes del asentamiento humano 0
60%
Capital de Kiribati Tarawa Sur
59%
Idiomas oficiales Gilbertés
54%
Las islas de Kiribati son atolones, lo que significa que están formadas por ... Arrecifes de coral
51%
Junto con las Maldivas, Kiribati es uno de los países que se considera de mayor riesgo por este fenómeno mundial. Cambio climático
48%
Producto alimenticio que comprende el 91% de las exportaciones Pescado
42%
Isla que representa casi la mitad de la superficie de Kiribati, visitada por el capitán Cook el 24 de diciembre de 1777 Kiritimati (Isla de Navidad)
25%
Tipo de pájaro que aparece en la bandera de Kiribati (pista: un tipo de barco) Fregata
17%
No se encontraron pruebas coincidentes
Distribución de puntuación
Porcentaje de gente con cada puntuación
Porcentaje por número respondido
Historial de tus puntuaciones
No has intentado esta prueba.